000 00541nam a2200217Ia 4500
003 OSt
005 20241010064035.0
008 240925s9999 xx 000 0 und d
020 _a9780495382737
040 _cds
082 _a515 STE
100 _aStewart, James
245 0 _aCalculus: early transcendental
250 _a6th
260 _aAustralia:
_bCENGAGE Learning
_c,2008.
300 _a875p.
_bN.A
_fPirated
500 _aIncludes Index
600 _aHumanities & Natural Science
650 _aMathematics
942 _cBK
_2ddc
999 _c11273
_d11273